| 000 | 00399pab a2200157 454500 | ||
|---|---|---|---|
| 008 | 180718b1985 xxu||||| |||| 00| 0 eng d | ||
| 100 | _aCottle, Rex L. | ||
| 245 | _aProperty rights and unemployment insurance reserves | ||
| 260 | _c1985 | ||
| 300 | _a127-39 | ||
| 362 | _aSept. | ||
| 650 | _aInsurance, Unemployment | ||
| 700 | _aHugh H. Macaulay | ||
| 773 | _aPolicy Sciences | ||
| 909 | _a11108 | ||
| 999 |
_c11108 _d11108 |
||